Name all NFl WR1s - Statistics

General Stats
  • This quiz has been taken 90 times
  • The average score is 21 of 32
Answer Stats
Hint Answer % Correct
Bengals Jamarr Chase
98%
Texans Stefon Diggs
84%
Ravens Zay Flowers
84%
Vikings Justin Jefferson
78%
Lions Amon-Ra St Brown
77%
Cowboys Ceedee Lamb
75%
Eagles AJ Brown
72%
Giants Malik Nabers
72%
Bucs Mike Evans
72%
49ers Deebo Samuel
70%
Falcons Drake London
70%
Steelers George Pickens
69%
Broncos Courtland Sutton
67%
Seahawks DK Metcalf
67%
Dolphins Tyreek Hill
67%
Packers Christian Watson
66%
Rams Cooper Kupp
66%
Commanders Terry McLaurin
63%
Saints Chris Olave
61%
Jets Garrett Wilson
61%
Bears Keenan Allen
61%
Cardinals Marvin Harrison Jr
61%
Colts Micheal Pittman
59%
Chargers Ladd McConkey
58%
Titans Calvin Ridley
56%
Browns Jerry Jeudy
56%
Jaguars Brian Thomas
55%
Chiefs Deandre Hopkins
55%
Bills Amari Cooper
50%
Raiders Jakobi Meyers
47%
Panthers Xavier Legette
44%
Patriots Ja'Lynn Polk
20%
No matching quizzes found
Score Distribution
Percent of People with Each Score
Percentile by Number Answered
Your Score History
You have not taken this quiz